000 00585nam a2200217Ia 4500
003 OSt
005 20220926042340.0
006 a|||||r|||| 00| 0
007 ta
008 220923b |||||||| |||| 00| 0 eng d
037 _cGeneral Book
040 _aRTL
_cRTL
_beng
041 _2eng
_aeng
082 _aXM5:8.70j1, K0
100 _aStanley Alexander O
_9346119
245 0 _aOrganizing for international operations
260 _c1960
650 _aJoint Stock Company
942 _hXM5:8.70j1, K0
_cGB
_2CC
999 _c669474
_d669474